| 000 | 00781nam a2200241 a 4500 | ||
|---|---|---|---|
| 001 | 000031049 | ||
| 003 | DO-SdBNP | ||
| 005 | 20260120095446.0 | ||
| 007 | ta | ||
| 008 | 110613n2010 dr c 000 | spa d | ||
| 040 |
_aDO-SdBNP _bspa _cBNPHU |
||
| 082 | 4 |
_aRD868.44 _bV719h _222 |
|
| 100 | 1 |
_aVillar Jorge, Lavinia del, _957530 |
|
| 245 | 1 | 0 |
_aHa llovido mucho... / _cLavinia del Villar. |
| 260 |
_aSanto Domingo : _bPremium, _c[2010?]. |
||
| 300 |
_a203 p. : _bretrs. ; _c21 cm. |
||
| 590 | _aInventariado, 2022/BT | ||
| 600 | 1 | 4 |
_aVillar Jorge, Laviniadel, _xRelatos _957531 |
| 600 | 1 | 4 |
_aVillar Jorge, Lavinia del, _xCorrespondencia, memorias, etc. _957532 |
| 650 | 0 |
_aRelaciones interpersonales _922282 |
|
| 910 | _aValidado. Control de calidad. MMOLINA | ||
| 942 |
_2ddc _cLBS1 |
||
| 999 |
_c30541 _d30541 |
||